000 00631nam a2200277Ia 4500
005 20260324115248.0
008 008 260324s9999 xx 000 0 eng d
020 _a9780429325762
037 _aEBOOK
040 _aCRL
040 _beng
040 _cCRL
041 _2eng
041 _aeng
084 _qCRL
100 _aNandita Rudra
_91153993
245 2 _aA Course in Quantum Mechanics
260 _bTaylor and Francis
260 _c2019
365 _a
365 _b305
856 _uhttp://www.taylorfrancis.com/books/9780429325762
942 _cEBOOK
999 _c1744738
_d1744738